000 00713nab a2200229u 4500
001 07634
003 HDC
007 c| |||a|c|aaaa
008 210128b20160203my ||||| |||| 00| 0 may d
040 _aHDC
245 0 _aGlobal Halal Exchange meterai kerjasama
336 _atext
_2rdacontent
337 _acomputer
_2rdamedia
338 _aonline resource
_2rdacarrier
650 _aFrozen Food
_9988
650 _aGlobal Halal Exchange
_97702
710 _aUtusan Malaysia
856 _zRequest full-text at [email protected]
942 _2lcc
942 _cNEWS
942 _kNWSC 001398
999 _c4957
_d4957